Central Library OPAC University of Rajshahi

A history of Spain & Portugal / (Record no. 26367)

MARC details
000 -LEADER
fixed length control field 00853cam a22002771 4500
001 - CONTROL NUMBER
control field 26367
003 - CONTROL NUMBER IDENTIFIER
rucl marc code BD-RjUL
005 - DATE AND TIME OF LATEST TRANSACTION
control field 20211209051016.0
008 - FIXED-LENGTH DATA ELEMENTS--GENERAL INFORMATION
fixed length control field 140322r19651960enk b 001 0 eng
035 ## - SYSTEM CONTROL NUMBER
System control number (BD-RjUL)26437
040 ## - CATALOGING SOURCE
Original cataloging agency DLC
Transcribing agency DLC
Modifying agency DLC
-- BD-RjUL
Language of cataloging eng
041 ## - LANGUAGE CODE
Language code of text/sound track or separate title eng
082 00 - DEWEY DECIMAL CLASSIFICATION NUMBER
Classification number 946
Author mark and year ATH 1965
100 1# - MAIN ENTRY--PERSONAL NAME
Personal name Atkinson, William C.
Fuller form of name (William Christopher),
Dates associated with a name 1902-
9 (RLIN) 81075
245 02 - TITLE STATEMENT
Title A history of Spain & Portugal /
Statement of responsibility, etc. by William C Atkinson.
260 ## - PUBLICATION, DISTRIBUTION, ETC. (IMPRINT)
Place of publication, distribution, etc. London :
Name of publisher, distributor, etc. Penguin Books,
Date of publication, distribution, etc. c1960 [Reprinted 1965].
300 ## - PHYSICAL DESCRIPTION
Pagination 382 p. ;
Size 18 cm.
490 0# - SERIES STATEMENT
Series statement The Pelican history of the world
Series statement Pelican books, A464.
504 ## - BIBLIOGRAPHY, ETC. NOTE
Bibliography, etc Includes bibliographical references and index.
651 #0 - SUBJECT ADDED ENTRY--GEOGRAPHIC NAME
Geographic name Spain
General subdivision History.
9 (RLIN) 81076
Geographic name Portugal
General subdivision History.
9 (RLIN) 81077
942 ## - ADDED ENTRY ELEMENTS (KOHA)
Source of classification or shelving scheme Dewey Decimal Classification
Koha item type Books
Holdings
Lost status Source of classification or shelving scheme Damaged status Not for loan Collection code Permanent Location Current Location Shelving location Date acquired Source of acquisition Cost, normal purchase price Total Checkouts Full call number Date last seen Copy number Koha item type
  Dewey Decimal Classification   Added to bundle Non-fiction Central Library, University of Rajshahi Central Library, University of Rajshahi Reading Room 05/12/1967 Ideal Lib. 5.40   946 ATH 1965 22/03/2014 C-1 Books